Loading...

Chandogyopanishad: sanuvad Sankarabhashysahit/

Bibliographic Details
Format: Printed Book
Published: Gorakhpur: Geetha, 1993.
Subjects:
LEADER 00619nam a22001811a 4500
082 |a S 294.592 18  |b CHA 
100 |a    |9 110059 
245 |a Chandogyopanishad:   |b sanuvad Sankarabhashysahit/  |c   
260 |a Gorakhpur:  |b Geetha,  |c 1993. 
300 |a 968p. 
650 |a Upanishad Chandogya  |9 110060 
650 |a Upanishad  |9 110061 
650 |a Vedic Literature  |9 110062 
650 |a Hinduism  |9 110063 
650 |a Religion  |9 110064 
942 |c BK 
999 |c 7005  |d 7005 
952 |0 0  |1 0  |4 0  |6 S_294_592000000000000_18_CHA  |7 0  |9 10547  |a SSUS  |b SSUS  |d 2015-01-08  |g 0.00  |l 2  |o S 294.592 18 CHA  |p 005039  |r 2019-01-14  |s 2019-01-10  |v 0.00  |w 2015-01-08  |y BK